000 00817cam a2200289 4500
008 090401t1993 xxu||||| |||| 00| 0 eng d
020 _a0860173615
035 _a(Sirsi) u53691
041 _aeng
050 _a624.1571
100 _aWilliams, B.P.
245 4 _aThe design and construction of sheet-piled cofferdams.
260 _aLondon
_bCIRIA
_c1993
300 _a198p. : ill. ; 30cm.
350 _a0
490 _aCIRIA Special Publication
_v95
520 _aPublished jointly with Thomas Telford Publications.
650 _aEARTH PRESSURES
650 _aRETAINING WALLS
650 _aSHEET PILING
650 _aWATER PRESSURES
690 _aWATER
700 _aWaite, D.
710 _aConstruction Industry Research and Information Association
_94810
942 _n0
948 _c04/03/1997
999 _c93319
_d93319